<?xml version="1.0" encoding="UTF-8"?><?xml-stylesheet type="text/xsl" href="static/style.xsl"?><OAI-PMH xmlns="http://www.openarchives.org/OAI/2.0/" xmlns:xsi="http://www.w3.org/2001/XMLSchema-instance" xsi:schemaLocation="http://www.openarchives.org/OAI/2.0/ http://www.openarchives.org/OAI/2.0/OAI-PMH.xsd"><responseDate>2026-04-13T04:11:31Z</responseDate><request verb="GetRecord" identifier="oai:www.recercat.cat:2445/227538" metadataPrefix="marc">https://recercat.cat/oai/request</request><GetRecord><record><header><identifier>oai:recercat.cat:2445/227538</identifier><datestamp>2026-04-07T19:09:49Z</datestamp><setSpec>com_2072_1057</setSpec><setSpec>col_2072_478917</setSpec><setSpec>col_2072_478938</setSpec></header><metadata><record xmlns="http://www.loc.gov/MARC21/slim" xmlns:dcterms="http://purl.org/dc/terms/" xmlns:xsi="http://www.w3.org/2001/XMLSchema-instance" xmlns:doc="http://www.lyncode.com/xoai" xsi:schemaLocation="http://www.loc.gov/MARC21/slim http://www.loc.gov/standards/marcxml/schema/MARC21slim.xsd">
   <leader>00925njm 22002777a 4500</leader>
   <datafield ind2=" " ind1=" " tag="042">
      <subfield code="a">dc</subfield>
   </datafield>
   <datafield ind2=" " ind1=" " tag="720">
      <subfield code="a">Casas Martí, Joan</subfield>
      <subfield code="e">author</subfield>
   </datafield>
   <datafield ind2=" " ind1=" " tag="720">
      <subfield code="a">Martínez Melo, Montserrat</subfield>
      <subfield code="e">author</subfield>
   </datafield>
   <datafield ind2=" " ind1=" " tag="720">
      <subfield code="a">Quiroga, Violeta</subfield>
      <subfield code="e">author</subfield>
   </datafield>
   <datafield ind2=" " ind1=" " tag="720">
      <subfield code="a">Mesquida, Josep Maria</subfield>
      <subfield code="e">author</subfield>
   </datafield>
   <datafield ind2=" " ind1=" " tag="260">
      <subfield code="c">2026-02-26T14:40:36Z</subfield>
   </datafield>
   <datafield ind2=" " ind1=" " tag="260">
      <subfield code="c">2026-02-26T14:40:36Z</subfield>
   </datafield>
   <datafield ind2=" " ind1=" " tag="260">
      <subfield code="c">2026-01</subfield>
   </datafield>
   <datafield ind2=" " ind1=" " tag="260">
      <subfield code="c">2026-02-26T14:40:36Z</subfield>
   </datafield>
   <datafield ind2=" " ind1=" " tag="520">
      <subfield code="a">La soledad no deseada constituye una preocupación creciente en el trabajo social con personas mayores, tanto por su impacto en la salud y el bienestar como por los retos que plantea para la intervención. Pese a su relevancia, faltan instrumentos validados que permitan explorar cómo se aborda en la práctica. Este artículo presenta la elaboración y validación del Cuestionario SETS (Soledades, Envejecimiento y Trabajo Social), diseñado específicamente para profesionales del trabajo social con el fin de identificar percepciones, estrategias, condicionantes y recursos que configuran su intervención ante este fenómeno. El cuestionario, estructurado en diez bloques temáticos, se desarrolló mediante un enfoque mixto que incluyó, en la fase de conceptualización y operativización inicial, una revisión bibliográfica y entrevistas a personas mayores (n=15), trabajadores/as sociales (n=15) y cargos de gestión (n=5). Posteriormente, en la fase de validación de contenido, se recabó el juicio de expertos/as (n=26); a continuación, se llevó a cabo una prueba piloto (n=40) y, finalmente, se aplicó a una muestra amplia de profesionales del trabajo social en Barcelona (n=351). La validez de contenido (coeficiente V de Aiken) alcanzó valores altos y la fiabilidad interna (alfa de Cronbach) mostró niveles satisfactorios. El SETS ofrece una herramienta robusta para la investigación aplicada, la evaluación de la práctica y el diseño de políticas públicas orientadas al bienestar relacional y al derecho a la compañía de las personas mayores.</subfield>
   </datafield>
   <datafield tag="653" ind2=" " ind1=" ">
      <subfield code="a">Solitud</subfield>
   </datafield>
   <datafield tag="653" ind2=" " ind1=" ">
      <subfield code="a">Envelliment</subfield>
   </datafield>
   <datafield tag="653" ind2=" " ind1=" ">
      <subfield code="a">Treball social</subfield>
   </datafield>
   <datafield tag="653" ind2=" " ind1=" ">
      <subfield code="a">Intervenció social</subfield>
   </datafield>
   <datafield tag="653" ind2=" " ind1=" ">
      <subfield code="a">Qüestionaris</subfield>
   </datafield>
   <datafield tag="653" ind2=" " ind1=" ">
      <subfield code="a">Solitude</subfield>
   </datafield>
   <datafield tag="653" ind2=" " ind1=" ">
      <subfield code="a">Aging</subfield>
   </datafield>
   <datafield tag="653" ind2=" " ind1=" ">
      <subfield code="a">Social work</subfield>
   </datafield>
   <datafield tag="653" ind2=" " ind1=" ">
      <subfield code="a">Social intervention</subfield>
   </datafield>
   <datafield tag="653" ind2=" " ind1=" ">
      <subfield code="a">Questionnaires</subfield>
   </datafield>
   <datafield ind2="0" ind1="0" tag="245">
      <subfield code="a">Elaboración y validación del cuestionario ‘SETS’: una herramienta para explorar la intervención del Trabajo Social ante la soledad en personas mayores</subfield>
   </datafield>
   <datafield ind2="0" ind1="0" tag="245">
      <subfield code="a">Development and Validation of the ‘SETS’ Questionnaire: A Tool to Explore Social Work Intervention in Loneliness Among Older Adults</subfield>
   </datafield>
</record></metadata></record></GetRecord></OAI-PMH>